Die kleine Ukraine in Regensburg
| Titel: | Die kleine Ukraine in Regensburg : die Geschichte der Ganghofersiedlung am Ziegetsberg / herausgegeben vom Geschichts- und Kulturverein Regensburg-Kumpfmühl e.V. (GKVR) ; Dr. Rainer Girg [Redaktion] |
|---|---|
| Verfasser: | |
| Körperschaft: | |
| Veröffentlicht: | [Regensburg] : Morsbach-Verlag, [2023] |
| Umfang: | 83 Seiten : Illustrationen, Pläne ; 21 cm |
| Format: | Buch |
| Sprache: | Deutsch |
| Schriftenreihe/ mehrbändiges Werk: |
Der Vitusbach. Wissenswertes zu Geschichte und Kultur aus Regensburg-Kumpfmühl ; 12 (2023) |
| ISBN: | 9783960181231 |
| Hinweise zum Inhalt: |
Inhaltsverzeichnis
|
alg: 53319872 001A $06000:11-09-25 001B $03004:17-12-25 $t16:26:21.000 001D $03004:09-12-25 001U $0utf8 001X $00 002@ $0Aau 002C $aText $btxt $2rdacontent 002D $aohne Hilfsmittel zu benutzen $bn $2rdamedia 002E $aBand $bnc $2rdacarrier 003@ $0533198720 003O $01492122166 $aOCoLC 004A $A978-3-96018-123-1 $fBroschur 006G $01350990817 006U $025,A37 $f20241213 007A $01350990817 $aDNB 009P $qapplication/pdf $A2 $3Inhaltsverzeichnis $uhttps://d-nb.info/1350990817/04 $mB:DE-101 010@ $ager 010E $erda 011@ $a2023 $n[2023] 021A $aDie @kleine Ukraine in Regensburg $ddie Geschichte der Ganghofersiedlung am Ziegetsberg $hherausgegeben vom Geschichts- und Kulturverein Regensburg-Kumpfmühl e.V. (GKVR) ; Dr. Rainer Girg [Redaktion] 028C $BVerfasser $4aut $4Herausgeber $4edt $71280457988 $8Girg, Rainer$Z1954- [Tp3] $9504467611 029F $BHerausgebendes Organ $#GKVR $#Geschichts- und Kulturverein Regensburg-Kumpfmühl e.V. $4isb $71028041985 $8Geschichts- und Kulturverein Regensburg-Kumpfmühl [Tb1] $9312710216 033A $p[Regensburg] $nMorsbach-Verlag 034D $a83 Seiten 034I $a21 cm 034M $aIllustrationen, Pläne 036E $aDer @Vitusbach. Wissenswertes zu Geschichte und Kultur aus Regensburg-Kumpfmühl $l12 (2023) 044K $#Regensburg $#Řezno $#Ratyzbona $#Reichs-Stadt Regensburg $#Ratisbona $#Stadt Regensburg $#Ratisbonne $#Regenspurg $#Ratispona $#Castra Regina $#Colonia Tiberia Augusta $#Imbripolis $#Reipublica Ratisponensis $#S.R.I. Reipublica Ratisponensis $74048989-9 $8Regensburg [Tg1] $9085136506 044K $RRegensburg $#Göring-Heim Regensburg $74608791-6 $8Ganghofersiedlung$gRegensburg [Tg1] $9093924208 044K $RUkrainische SSR $#Ukraine $#Ukraine $#Ukraine $#Украïна $#Ukrainische SSR $#Ukrajina $#Ukraina $#Ukraïna Ukraine $#Ukraina Ukraine $#Ukrajna $74061496-7 $8Ukraine [Tg1] $9085170801 044K $RGruppe $#Minorities $#Minorités $#Minderheit $#Minderheit $#Minderheit $#Minderheitsgruppe $#Minorität $#Minoritätsgruppe $74752223-9 $8Minderheit [Ts1] $9114439052 044K $RAuswanderung $REinwanderung $RVerbannung $#Exile $#Exiles $#Exilés $#Exil $#Emigration $#Exil $#Exil $#Exilanten $#Emigration Exil $74015959-0 $8Exil [Ts1] $9085037370 044K $ROrtsgeschichte $#Local geography $#Géographie régionale $#Geografia regionale $#Geografia regional $#Heimatforschung $#Heimatgeschichte $74127794-6 $8Heimatkunde [Ts1] $9085440744 044K $RZwangsarbeiter $RHeimatloser Ausländer $RFlüchtling $#Refugees $#Réfugiés $#Profughi $#Displaced Person $#Displaced Persons $#DP $74140484-1 $8Displaced Person [Ts1] $9085539031 045E $c940 $c710 045F $a307.0943309044 $eDDC23BSB 045F/01 $a307.09 045F/03 $f09044 045F/03 $g433 045F/03 $g477 045R $aGeschichte 1945-1949 lok: 53319872 24 exp: 53319872 24 1 #EPN 201B/01 $009-12-25 $t09:05:56.000 201C/01 $013-11-25 201U/01 $0utf8 203@/01 $01322721726 208@/01 $a09-12-25 $bz 209A/01 $a25.06622 $du $f050 $h25 06622 $x00 209C/01 $a25.06622 K $h25 06622 K 209G/01 $a75117248 $x00 220C/01 $ados 247C/01 $8358050-7Marburg, Bibliothek des Herder-Instituts Marburg $9102600961
| LEADER | 00000cam a2200000 c 4500 | ||
|---|---|---|---|
| 001 | 533198720 | ||
| 003 | DE-603 | ||
| 005 | 20251217162621.0 | ||
| 007 | tu | ||
| 008 | 250911s2023 xx |||| | u00||u|ger | ||
| 015 | |a 25,A37 |2 dnb | ||
| 016 | 7 | |2 DE-101 |a 1350990817 | |
| 020 | |a 9783960181231 |c Broschur | ||
| 035 | |a (DE-599)DNB1350990817 | ||
| 035 | |a (OCoLC)1492122166 | ||
| 040 | |a DE-603 |b ger |c DE-603 |d DE-603 |e rda | ||
| 041 | |a ger | ||
| 082 | 0 | 4 | |8 1\u |a 307.0943309044 |q DE-101 |2 23/BSB |
| 084 | |a 940 |a 710 |q DE-101 |2 sdnb | ||
| 085 | |8 1\u |b 307.09 | ||
| 085 | |8 1\u |z 1 |s 09044 | ||
| 085 | |8 1\u |z 2 |s 433 | ||
| 085 | |8 1\u |z 2 |s 477 | ||
| 245 | 0 | 0 | |a Die kleine Ukraine in Regensburg |b die Geschichte der Ganghofersiedlung am Ziegetsberg |c herausgegeben vom Geschichts- und Kulturverein Regensburg-Kumpfmühl e.V. (GKVR) ; Dr. Rainer Girg [Redaktion] |
| 264 | 1 | |a [Regensburg] |b Morsbach-Verlag |c [2023] | |
| 300 | |a 83 Seiten |b Illustrationen, Pläne |c 21 cm | ||
| 336 | |a Text |b txt |2 rdacontent | ||
| 337 | |a ohne Hilfsmittel zu benutzen |b n |2 rdamedia | ||
| 338 | |a Band |b nc |2 rdacarrier | ||
| 490 | 0 | |a Der Vitusbach. Wissenswertes zu Geschichte und Kultur aus Regensburg-Kumpfmühl |v 12 (2023) | |
| 648 | 7 | |a Geschichte 1945-1949 |2 gnd | |
| 650 | 7 | |a Minderheit |0 (DE-588)4752223-9 |0 (DE-603)114439052 |2 gnd | |
| 650 | 7 | |a Exil |0 (DE-588)4015959-0 |0 (DE-603)085037370 |2 gnd | |
| 650 | 7 | |a Heimatkunde |0 (DE-588)4127794-6 |0 (DE-603)085440744 |2 gnd | |
| 650 | 7 | |a Displaced Person |0 (DE-588)4140484-1 |0 (DE-603)085539031 |2 gnd | |
| 651 | 7 | |a Regensburg |0 (DE-588)4048989-9 |0 (DE-603)085136506 |2 gnd | |
| 651 | 7 | |a Ganghofersiedlung |g Regensburg |0 (DE-588)4608791-6 |0 (DE-603)093924208 |2 gnd | |
| 651 | 7 | |a Ukraine |0 (DE-588)4061496-7 |0 (DE-603)085170801 |2 gnd | |
| 700 | 1 | |a Girg, Rainer |d 1954- |e Verfasser |4 aut |e Herausgeber |4 edt |0 (DE-603)504467611 |0 (DE-588)1280457988 |2 gnd | |
| 710 | 2 | |a Geschichts- und Kulturverein Regensburg-Kumpfmühl |e Herausgebendes Organ |4 isb |0 (DE-603)312710216 |0 (DE-588)1028041985 |2 gnd | |
| 856 | 4 | 2 | |m B:DE-101 |q application/pdf |u https://d-nb.info/1350990817/04 |3 Inhaltsverzeichnis |
| 924 | 0 | |9 Mb 50 |a (DE-603)1322721726 |b DE-Mb50 |c HES |d c |g 25.06622 | |


